Statistics for (In)famous Nazis

Click here to take the quiz!

General Stats

  • This quiz has been taken 3,294 times
    (3,289 since last reset)
  • The average score is 6 of 11

Answer Stats

Hint Answer % Correct
Head of the SS and main architect of the "Final Solution"Heinrich Himmler
91%
Reich Minister of Propaganda who poisoned his six children before committing suicide with his wife.Joseph Goebbels
85%
Head of the Luftwaffe; committed suicide after the Nuremburg Tribunal sentenced him to deathHermann Goring
80%
Famous for his military success in North Africa; made to ingest cyanide after conspiring against the FuhrerErwin Rommel
76%
Nazi physician infamous for his sadistic experiments on prisonersJosef Mengele
57%
Deputy to Hitler until his unexpected and unauthorized solo flight to Scotland in 1941Rudolf Hess
55%
SS officer and major executor of the "Final Solution", captured by Israeli agents in Argentina in 1960Adolf Eichmann
49%
Hitler's Minister of Munitions and chief architectAlbert Speer
48%
Nicknamed "The Hangman", this high-ranking Nazi officer was a main architect of the Holocaust before being killed by Czechoslovak commandos in Prague in 1942Reinhard Heydrich
40%
Head of the German Navy; last president of the Third Reich after Hitler's suicideKarl Donitz
38%
Wehrmacht officer and main conspirator in the failed 20 July plot to assassinate Hitler; last words prior to execution were "Long live our sacred Germany!"Claus von Stauffenberg
28%

Score Distribution

Percentile by Number Answered

Percent of People with Each Score

Your Score History

You have not taken this quiz since the last reset